| 000 | 00425nam a22001577a 4500 | ||
|---|---|---|---|
| 005 | 20180202114028.0 | ||
| 008 | 160426b xxu||||| |||| 00| 0 eng d | ||
| 020 | _a81-203-1220-1 | ||
| 041 | _aeng | ||
| 082 |
_b00186 _a004.165 |
||
| 100 |
_aBrey. Barary B. _990 |
||
| 245 | _aThe Intel Microprocessors 8086/8088,80186/80188,80286,80286,808386,80486.. | ||
| 260 |
_aNew Delhi _bPHI Pvt Ltd. _c1988 |
||
| 300 | _a907 | ||
| 942 | _cBK | ||
| 999 |
_c65 _d65 |
||